[Event "XXXII Festival Conca della Presolana Magistrale"]
[Site "Bratto - Castione della Presolana ITA"]
[Date "2012.08.23"]
[Round "6"]
[White "Gentili, Gianguido"]
[Black "Ceccarini, Marco"]
[WhiteElo "2169"]
[BlackElo "2058"]
[Result "0-1"]
[PlyCount "118"]
[EventDate "2012.08.18"]

1. Nf3 f5 2. b3 Nf6 3. d3 d6 4. Bb2 e5 5. Nbd2 g6 6. e4 Bg7 7. c4 c5 8. Be2 Nc6
9. Qc2 a5 10. O-O O-O 11. Rae1 f4 12. a3 h6 13. Nh4 Ne7 14. g3 g5 15. Ng2 Ng6
16. gxf4 gxf4 17. Qd1 Bh3 18. Bf3 Nh7 19. Bg4 Ng5 20. f3 Qf6 21. Bxh3 Nxh3+ 22.
Kh1 Kh7 23. Re2 Rg8 24. Nb1 Bf8 25. Nc3 Be7 26. Nd5 Qg5 27. Qe1 Rac8 28. Bc3
Rg7 29. Nxe7 Qxe7 30. b4 axb4 31. axb4 b6 32. Qa1 Rcg8 33. Be1 Qg5 34. bxc5
bxc5 35. Qa2 Qh5 36. Qa6 Ng5 37. Ref2 Nh4 38. Nxh4 Qxh4 39. Qa2 Nh3 40. Rg2
Rxg2 41. Qxg2 Rxg2 42. Bxh4 Rd2 43. Be7 Rxd3 44. Kg2 Ng5 45. Rf2 Kg6 46. h4 Nf7
47. Rb2 Rd4 48. Rb6 Kh5 49. Kf2 Rxc4 50. Bxd6 Rc2+ 51. Ke1 Nxd6 52. Rxd6 Kxh4
53. Rxh6+ Kg3 54. Rh5 Kxf3 55. Rxe5 Ke3 56. Kd1 Rd2+ 57. Kc1 f3 58. Rxc5 f2 59.
Rf5 Ra2 0-1

[Event "XXXII Festival Conca della Presolana Magistrale"]
[Site "Bratto - Castione della Presolana ITA"]
[Date "2012.08.23"]
[Round "6"]
[White "Gerola, Fausto"]
[Black "Bonade', Massimo"]
[WhiteElo "2199"]
[BlackElo "2081"]
[Result "0-1"]
[PlyCount "98"]
[EventDate "2012.08.18"]

1. e4 c5 2. Nf3 d6 3. d4 cxd4 4. Nxd4 Nf6 5. Nc3 a6 6. a4 Nc6 7. h3 e6 8. Be3
Be7 9. Be2 O-O 10. O-O Qc7 11. f4 Bd7 12. Nb3 b6 13. Qd2 Rfd8 14. Bf3 Bc8 15.
Qf2 Nd7 16. Rad1 Bb7 17. Ne2 Nc5 18. Nxc5 dxc5 19. e5 Nb4 20. Bxb7 Qxb7 21. Nc3
Qc6 22. Qe2 g6 23. b3 h5 24. Kh2 Kg7 25. Bc1 Rd4 26. Be3 Rdd8 27. Bg1 Rxd1 28.
Rxd1 Rd8 29. Rxd8 Bxd8 30. Ne4 Qd5 31. a5 b5 32. Bxc5 Bxa5 33. Be7 Nc6 34. Bf6+
Kf8 35. Qe3 Qd4 36. Qe2 Bb6 37. Bg5 Qg1+ 38. Kg3 Nd4 39. Qd2 Nf5+ 40. Kf3 Qf1+
41. Nf2 Qxf2+ 42. Qxf2 Bxf2 43. Kxf2 Nd4 44. Bd8 Nxc2 45. Bb6 Ke8 46. g4 hxg4
47. hxg4 Kd7 48. Ke2 Kc6 49. Bd8 Nd4+ 0-1

[Event "XXXII Festival Conca della Presolana Magistrale"]
[Site "Bratto - Castione della Presolana ITA"]
[Date "2012.08.23"]
[Round "6"]
[White "Gioseffi, Massimiliano"]
[Black "Moncelli, Giorgio"]
[WhiteElo "2128"]
[BlackElo "2070"]
[Result "1-0"]
[PlyCount "69"]
[EventDate "2012.08.18"]

1. d4 d5 2. c4 e6 3. Nc3 Be7 4. cxd5 exd5 5. Bf4 c6 6. e3 Bf5 7. Bd3 Bxd3 8.
Qxd3 Nf6 9. Nge2 O-O 10. h3 Nbd7 11. f3 Re8 12. O-O Nf8 13. Rad1 Ne6 14. Bg3
Nh5 15. Bf2 Bh4 16. e4 Bxf2+ 17. Rxf2 Nef4 18. Nxf4 Nxf4 19. Qd2 Qh4 20. Qe1
Re6 21. Rfd2 Qg5 22. Kh2 Rg6 23. g3 Re8 24. Qf2 Nh5 25. Rg1 dxe4 26. fxe4 Rf6
27. Qe2 Rd6 28. Rd3 Rg6 29. Qe3 Qd8 30. d5 cxd5 31. Rxd5 Rd6 32. Rxh5 Rd3 33.
Qf4 Qb6 34. Rg2 g6 35. Rd5 1-0

[Event "XXXII Festival Conca della Presolana Magistrale"]
[Site "Bratto - Castione della Presolana ITA"]
[Date "2012.08.23"]
[Round "6"]
[White "Jerez Perez, Alfonso"]
[Black "Mirzoev, Azer"]
[WhiteElo "2412"]
[BlackElo "2545"]
[Result "1/2-1/2"]
[PlyCount "115"]
[EventDate "2012.08.18"]

1. e4 e5 2. Nc3 Nc6 3. g3 Bc5 4. Bg2 d6 5. Nge2 a6 6. O-O Nge7 7. Nd5 O-O 8. c3
Nxd5 9. exd5 Ne7 10. d4 exd4 11. Nxd4 Nf5 12. Nxf5 Bxf5 13. Bf4 g5 14. Bd2 Qf6
15. Qf3 Qg6 16. Be3 Bxe3 17. Qxe3 Rfe8 18. Qd2 Be4 19. Rfe1 Bxg2 20. Kxg2 Qf5
21. c4 h6 22. b3 b5 23. Qd4 bxc4 24. Qxc4 a5 25. Rad1 Kg7 26. g4 Qd7 27. h3 a4
28. Qc3+ Kg8 29. b4 Rxe1 30. Rxe1 Re8 31. Rxe8+ Qxe8 32. Qc4 a3 33. b5 Qe5 34.
Kg1 Qe1+ 35. Kg2 Qd2 36. Kg1 Qa5 37. Kg2 Kf8 38. Kf3 Ke7 39. Ke2 Kd8 40. Kd1
Qa7 41. Ke2 Kc8 42. Qb4 Kb7 43. Qc4 Qa5 44. Qc6+ Kb8 45. Qc4 Qb6 46. Qb4 Qb7
47. Qc4 Qc8 48. Kd3 Qe8 49. b6 cxb6 50. Qa6 Qd8 51. Qxa3 Qf6 52. Kc4 Qxf2 53.
Qxd6+ Kb7 54. Qc6+ Ka7 55. Qc7+ Ka6 56. Qc8+ Ka7 57. Qd7+ Ka6 58. Qc8+ 1/2-1/2

[Event "XXXII Festival Conca della Presolana Magistrale"]
[Site "Bratto - Castione della Presolana ITA"]
[Date "2012.08.23"]
[Round "6"]
[White "Mamedov, Nidjat"]
[Black "Colovic, Aleksandar"]
[WhiteElo "2614"]
[BlackElo "2449"]
[Result "1-0"]
[PlyCount "85"]
[EventDate "2012.08.18"]

1. e4 e5 2. Nf3 Nc6 3. Bb5 Nf6 4. Nc3 Bc5 5. d3 O-O 6. Bg5 Nd4 7. Nxd4 exd4 8.
Nd5 Be7 9. Nxe7+ Qxe7 10. Qd2 h6 11. Bh4 Qe5 12. Bxf6 Qxf6 13. Bc4 d6 14. O-O
Be6 15. Bb3 a5 16. f4 a4 17. Bxe6 fxe6 18. Qb4 b6 19. Rae1 e5 20. f5 Kh7 21. a3
Qg5 22. Rf3 Rf6 23. Ref1 c5 24. Qxb6 Qd2 25. R3f2 Qa5 26. Qc6 Rb8 27. g4 Rxb2
28. h4 Qb6 29. Qxa4 Qb5 30. Qa8 Qb7 31. Qe8 Qf7 32. Qa4 Qa2 33. g5 Rf8 34. Qd7
Rb1 35. Qxd6 Rxf1+ 36. Rxf1 Kg8 37. Qxc5 Re8 38. Qc6 Qf7 39. g6 Qe7 40. f6 gxf6
41. Rxf6 Rb8 42. Qd5+ Kh8 43. Rf7 1-0

[Event "XXXII Festival Conca della Presolana Magistrale"]
[Site "Bratto - Castione della Presolana ITA"]
[Date "2012.08.23"]
[Round "6"]
[White "Marguerettaz, Davy"]
[Black "Lanzani, Mario"]
[WhiteElo "2214"]
[BlackElo "2291"]
[Result "0-1"]
[PlyCount "120"]
[EventDate "2012.08.18"]

1. d4 d5 2. c4 dxc4 3. Nf3 c5 4. e3 cxd4 5. exd4 Be6 6. Nc3 Nf6 7. Ng5 Bd5 8.
Qa4+ Nc6 9. Nxd5 Nxd5 10. Bxc4 e6 11. Bb5 Bb4+ 12. Kf1 O-O 13. Bxc6 bxc6 14.
Qc2 Nf6 15. Be3 Qd5 16. h4 Rac8 17. a3 Be7 18. Rc1 h6 19. Nh3 Ng4 20. Nf4 Qb5+
21. Nd3 c5 22. Qc4 Qxc4 23. Rxc4 cxd4 24. Rxd4 Nxe3+ 25. fxe3 Rc2 26. Rh3 Bf6
27. Rd7 Rfc8 28. Rf3 Bxh4 29. Rfxf7 Bf6 30. Rxa7 Rd2 31. Rfd7 Rcc2 32. Ne1 Rf2+
33. Kg1 Rxb2 34. Rac7 Rfe2 35. Rd1 Bh4 36. Rcc1 Bf2+ 37. Kh1 Bxe3 38. Rb1 Ra2
39. Ra1 Bc5 40. a4 Re4 41. Nf3 Rexa4 42. Rd8+ Kf7 43. Rxa2 Rxa2 44. Ne5+ Ke7
45. Rd7+ Kf6 46. Ng4+ Kg6 47. Ne5+ Kf5 48. Nd3 Ra1+ 49. Kh2 Bg1+ 50. Kg3 g5 51.
Rf7+ Ke4 52. Nf2+ Bxf2+ 53. Kxf2 h5 54. Rh7 h4 55. Rg7 Kf4 56. Rf7+ Kg4 57. Re7
Ra2+ 58. Kf1 Kg3 59. Rxe6 Ra1+ 60. Ke2 Kxg2 0-1

[Event "XXXII Festival Conca della Presolana Magistrale"]
[Site "Bratto - Castione della Presolana ITA"]
[Date "2012.08.23"]
[Round "6"]
[White "Neelotpal, Das"]
[Black "Janev, Evgeni"]
[WhiteElo "2469"]
[BlackElo "2457"]
[Result "1-0"]
[PlyCount "65"]
[EventDate "2012.08.18"]

1. e4 Nf6 2. e5 Nd5 3. d4 d6 4. Nf3 Nb6 5. a4 a5 6. Bb5+ c6 7. Be2 dxe5 8. Nxe5
N8d7 9. Nf3 g6 10. O-O Bg7 11. c4 O-O 12. Nc3 Nf6 13. h3 Nbd7 14. Bf4 Nh5 15.
Bg5 Re8 16. Qd2 Nf8 17. d5 Bd7 18. Rfd1 Qc8 19. Rac1 Bxh3 20. gxh3 Qxh3 21. Nh2
Be5 22. Ng4 Ng3 23. Bf3 Bd6 24. fxg3 Bc5+ 25. Be3 Qxg3+ 26. Qg2 Bxe3+ 27. Nxe3
Qf4 28. Re1 Nd7 29. Qg4 Qc7 30. Kg2 e6 31. dxc6 bxc6 32. Qg3 e5 33. Ne4 1-0

[Event "XXXII Festival Conca della Presolana Magistrale"]
[Site "Bratto - Castione della Presolana ITA"]
[Date "2012.08.23"]
[Round "6"]
[White "Negro, Roberto"]
[Black "Sala, Giovanni"]
[WhiteElo "2117"]
[BlackElo "2022"]
[Result "1-0"]
[PlyCount "83"]
[EventDate "2012.08.18"]

1. d4 f5 2. b3 e6 3. Nf3 Nf6 4. g3 c6 5. Bg2 d5 6. O-O Bd6 7. Ba3 Bxa3 8. Nxa3
Qd6 9. Qc1 O-O 10. c4 b6 11. cxd5 exd5 12. e3 Nbd7 13. Qb2 Bb7 14. Rac1 Rfe8
15. Rfd1 a5 16. Nc2 a4 17. b4 b5 18. Na3 Re7 19. Ne1 Rae8 20. Nd3 Kh8 21. Nc5
Bc8 22. Qc2 Nxc5 23. Qxc5 Re6 24. Rc2 Qb8 25. Qc3 Nd7 26. Nb1 Nb6 27. Nd2 Bd7
28. Qc5 Qd8 29. Nf3 Nc4 30. Bf1 f4 31. exf4 Qf6 32. Ne5 Bc8 33. Bxc4 bxc4 34.
b5 Qf5 35. Re2 Qh5 36. Rde1 cxb5 37. Qxd5 c3 38. a3 c2 39. Rxc2 Rh6 40. h4 Be6
41. Qxb5 Bb3 42. Ng6+ 1-0

[Event "XXXII Festival Conca della Presolana Magistrale"]
[Site "Bratto - Castione della Presolana ITA"]
[Date "2012.08.23"]
[Round "6"]
[White "Pantaleoni, Claudio"]
[Black "Cugini, Verter"]
[WhiteElo "2161"]
[BlackElo "2072"]
[Result "1-0"]
[PlyCount "61"]
[EventDate "2012.08.18"]

1. d4 d6 2. Nf3 Nf6 3. c4 g6 4. Nc3 Bg7 5. e4 c5 6. d5 O-O 7. h3 Na6 8. Bd3 Nc7
9. O-O a6 10. a4 Rb8 11. Bf4 Bd7 12. e5 Nfe8 13. Ne4 Bf5 14. Qc2 b5 15. axb5
axb5 16. b3 Rb6 17. g4 Bxe4 18. Bxe4 bxc4 19. bxc4 Na6 20. Ra5 Nb4 21. Qa4 Qc7
22. Be3 Rb7 23. Ra1 f5 24. gxf5 gxf5 25. Bxf5 Rxf5 26. Qxe8+ Rf8 27. Qh5 Nc2
28. Ng5 h6 29. Ne6 Qb8 30. Qg6 Rb1+ 31. Kh2 1-0

[Event "XXXII Festival Conca della Presolana Magistrale"]
[Site "Bratto - Castione della Presolana ITA"]
[Date "2012.08.23"]
[Round "6"]
[White "Petrone, Gianmario"]
[Black "Casadei, Mauro"]
[WhiteElo "1957"]
[BlackElo "2165"]
[Result "1/2-1/2"]
[PlyCount "53"]
[EventDate "2012.08.18"]

1. e4 c5 2. Nf3 d6 3. d4 cxd4 4. Nxd4 Nf6 5. Nc3 e6 6. Be2 Be7 7. O-O a6 8. Be3
b5 9. a3 Bb7 10. Bd3 Nbd7 11. f4 O-O 12. Nb3 Rc8 13. Qe1 Re8 14. Kh1 Bf8 15.
Qg3 Rxc3 16. bxc3 Nxe4 17. Qe1 Qc7 18. Bd4 f5 19. Nd2 Nxc3 20. Bxf5 Bd5 21. Nf3
Na4 22. Be4 Bxe4 23. Qxe4 d5 24. Qd3 Bd6 25. Ng5 Nf6 26. Rae1 Qd7 27. Qh3
1/2-1/2

[Event "XXXII Festival Conca della Presolana Magistrale"]
[Site "Bratto - Castione della Presolana ITA"]
[Date "2012.08.23"]
[Round "6"]
[White "Qendro, Llambi"]
[Black "Giretti Kanev, Jasen"]
[WhiteElo "2328"]
[BlackElo "2189"]
[Result "1/2-1/2"]
[PlyCount "79"]
[EventDate "2012.08.18"]

1. d4 Nf6 2. c4 e6 3. Nf3 Bb4+ 4. Bd2 Bxd2+ 5. Qxd2 c5 6. dxc5 Qe7 7. Nc3 O-O
8. Qd6 Nc6 9. Qxe7 Nxe7 10. e3 Nc6 11. Be2 Nb4 12. O-O Na6 13. Nd2 Nxc5 14. b4
Na6 15. a3 Nc7 16. Bf3 Rb8 17. a4 Rd8 18. Rfd1 h6 19. Nde4 Nxe4 20. Nxe4 Ne8
21. Nd6 Kf8 22. a5 Ke7 23. c5 f5 24. Nxe8 Rxe8 25. Rd6 g5 26. g3 g4 27. Bg2 h5
28. b5 b6 29. axb6 axb6 30. Rxb6 Rxb6 31. cxb6 d5 32. Ra7+ Bd7 33. Bf1 Rb8 34.
b7 Kd6 35. Ra8 Rxb7 36. Rh8 Rc7 37. Rxh5 Rc1 38. Kg2 Rb1 39. h3 gxh3+ 40. Rxh3
1/2-1/2

[Event "XXXII Festival Conca della Presolana Magistrale"]
[Site "Bratto - Castione della Presolana ITA"]
[Date "2012.08.23"]
[Round "6"]
[White "Radice, Luca"]
[Black "Anuprita, Patil"]
[WhiteElo "2029"]
[BlackElo "2123"]
[Result "0-1"]
[PlyCount "36"]
[EventDate "2012.08.18"]

1. d4 Nf6 2. c4 g6 3. Nc3 d5 4. Bf4 Bg7 5. Rc1 O-O 6. e3 c5 7. dxc5 Qa5 8. Qa4
Qxc5 9. b4 Qc6 10. b5 Qc5 11. Nf3 Nbd7 12. Be2 Nb6 13. Qc2 Bf5 14. Bd3 Bxd3 15.
Qxd3 dxc4 16. Qb1 Nfd5 17. Be5 Bxe5 18. Nxe5 Nxc3 0-1

[Event "XXXII Festival Conca della Presolana Magistrale"]
[Site "Bratto - Castione della Presolana ITA"]
[Date "2012.08.23"]
[Round "6"]
[White "Ramondino, Renzo"]
[Black "Welling, Gerard"]
[WhiteElo "2231"]
[BlackElo "2330"]
[Result "0-1"]
[PlyCount "80"]
[EventDate "2012.08.18"]

1. c4 b6 2. Nf3 Bb7 3. g3 Bxf3 4. exf3 c5 5. Bg2 Nc6 6. f4 Rc8 7. b3 e6 8. Nc3
Nge7 9. Bb2 Nf5 10. Ne2 Be7 11. O-O Bf6 12. Bc3 Ncd4 13. Nxd4 Nxd4 14. Re1 O-O
15. Bxd4 Bxd4 16. Rc1 g6 17. d3 Rb8 18. a4 a6 19. Rc2 b5 20. axb5 axb5 21. Ra2
Qc7 22. Ree2 Rb6 23. Qd2 Rfb8 24. Bf3 Qd6 25. Kg2 Kg7 26. Ra8 bxc4 27. Rxb8
Qxb8 28. bxc4 Rb1 29. Qc2 Qb4 30. Be4 Ra1 31. Rd2 Qa3 32. Re2 f5 33. Bf3 Rc1
34. Qd2 Qa1 35. h4 Qa3 36. Qa2 Qxd3 37. Qa7 Qd1 38. Qxd7+ Kh6 39. Kh2 Qg1+ 40.
Kh3 Qf1+ 0-1

[Event "XXXII Festival Conca della Presolana Magistrale"]
[Site "Bratto - Castione della Presolana ITA"]
[Date "2012.08.23"]
[Round "6"]
[White "Ranieri, Fabrizio"]
[Black "Castaldo, Folco"]
[WhiteElo "2287"]
[BlackElo "2432"]
[Result "1-0"]
[PlyCount "193"]
[EventDate "2012.08.18"]

1. e4 c5 2. Nf3 Nc6 3. d4 cxd4 4. Nxd4 g6 5. Nc3 Bg7 6. Be3 Nf6 7. Bc4 O-O 8.
Bb3 d6 9. h3 Bd7 10. O-O Rc8 11. Re1 Na5 12. Qd3 a6 13. Nd5 Nxd5 14. exd5 Re8
15. Rad1 Qc7 16. c3 Bf6 17. Bc1 b5 18. Qg3 Nc4 19. Re2 Qb7 20. Nf3 Rc5 21. Bxc4
bxc4 22. Bg5 Ba4 23. Rde1 Bxg5 24. Qxg5 e5 25. Nd2 f5 26. g4 Qe7 27. Qxe7 Rxe7
28. f4 e4 29. gxf5 gxf5 30. b3 Rg7+ 31. Kf2 cxb3 32. axb3 Be8 33. c4 Ra5 34.
Nf1 Kf7 35. Rb2 Kf6 36. Re3 Ra1 37. Re1 Rxe1 38. Kxe1 a5 39. Ra2 Bh5 40. Kf2
Bd1 41. Rxa5 Rb7 42. Rb5 Ra7 43. Rb6 Ra2+ 44. Kg3 Ra3 45. Ne3 Rxb3 46. Rxb3
Bxb3 47. Kf2 Ba4 48. Ke2 Bd7 49. Kd2 Kg6 50. Ng2 Ba4 51. Kc3 Bd1 52. Ne3 Ba4
53. Kb4 Be8 54. c5 dxc5+ 55. Kxc5 Kf6 56. Kd6 Bb5 57. Kc7 Ba4 58. h4 h6 59. Kd6
Bb5 60. Kc5 Ba4 61. Kd4 Bb5 62. Nd1 Ba4 63. Nc3 Bd7 64. Ne2 Bb5 65. Ng3 Bd7 66.
Kc5 Ke7 67. Nh5 Ba4 68. Kd4 Kd6 69. Ng3 Bd7 70. Nf1 Bb5 71. Ne3 Bd7 72. Nc4+
Ke7 73. Ke5 Bb5 74. Ne3 Bd7 75. d6+ Kf7 76. Nd5 Be6 77. Ne3 Bd7 78. Nc2 Ba4 79.
Ne3 Bd7 80. Kd5 Kf6 81. Kc5 Ke6 82. Nc2 Kf6 83. Nd4 Kf7 84. Kb6 Ke8 85. Nc2 Kd8
86. Kc5 Ke8 87. Ne3 Kf7 88. Kb6 Ke6 89. Kc7 Bb5 90. Nc2 Kd5 91. d7 Bxd7 92.
Kxd7 e3 93. Nxe3+ Ke4 94. Ng2 Kf3 95. Ke6 Kg4 96. Kf6 Kh5 97. Kg7 1-0

[Event "XXXII Festival Conca della Presolana Magistrale"]
[Site "Bratto - Castione della Presolana ITA"]
[Date "2012.08.23"]
[Round "6"]
[White "Reduzzi, Maurizio"]
[Black "Ranfagni, Stefano"]
[WhiteElo "2103"]
[BlackElo "1980"]
[Result "1-0"]
[PlyCount "86"]
[EventDate "2012.08.18"]

1. Nf3 d5 2. d4 e6 3. c4 f5 4. Bf4 Nf6 5. e3 c6 6. Nc3 Bd6 7. Bd3 O-O 8. O-O
Ne4 9. Ne2 g5 10. Bxd6 Nxd6 11. Ne5 Nd7 12. Qb3 Nxe5 13. dxe5 Nf7 14. f4 Qe7
15. Rac1 b6 16. cxd5 cxd5 17. Nd4 Bd7 18. Rc7 Rfc8 19. Rfc1 Rxc7 20. Rxc7 Qd8
21. Qc3 Rc8 22. Rxc8 Qxc8 23. Qxc8+ Bxc8 24. Nc6 Bd7 25. Nxa7 gxf4 26. exf4 Kf8
27. Kf2 Nd8 28. Ke3 Nb7 29. b4 Ke7 30. Kd4 Ba4 31. Nc8+ Kd8 32. Nxb6 Bd1 33. a4
Kc7 34. a5 Nd8 35. Bb5 Bc2 36. Na4 Bxa4 37. Bxa4 Nc6+ 38. Bxc6 Kxc6 39. a6 Kb6
40. b5 h5 41. g3 Kc7 42. Kc5 Kb8 43. b6 Kc8 1-0

[Event "XXXII Festival Conca della Presolana Magistrale"]
[Site "Bratto - Castione della Presolana ITA"]
[Date "2012.08.23"]
[Round "6"]
[White "Ricci, Marco"]
[Black "Gagliardi, Christian"]
[WhiteElo "2089"]
[BlackElo "2217"]
[Result "0-1"]
[PlyCount "84"]
[EventDate "2012.08.18"]

1. e4 e5 2. Nf3 Nc6 3. Bb5 Nge7 4. O-O g6 5. c3 Bg7 6. d4 exd4 7. cxd4 a6 8.
Bc4 O-O 9. d5 Na5 10. Be2 d6 11. Qa4 b6 12. Nc3 Nb7 13. Qc2 Nc5 14. Nd2 f5 15.
f3 a5 16. b3 f4 17. Bb2 g5 18. Nb5 Ng6 19. Bxg7 Kxg7 20. Qc3+ Kg8 21. a3 Bd7
22. b4 Bxb5 23. Bxb5 Nd7 24. Bxd7 Qxd7 25. Rfc1 Rf7 26. Nb3 Ne5 27. h3 h5 28.
Kf2 g4 29. hxg4 hxg4 30. bxa5 Qb5 31. Nd4 g3+ 32. Kg1 Qd7 33. Kf1 Rxa5 34. Ne2
Qd8 35. Ng1 Qa8 36. Ne2 Qa6 37. Rcb1 Rh7 38. Ke1 Rc5 39. Qb4 Nd3+ 40. Kd2 Nxb4
41. axb4 Rc2+ 42. Kxc2 Qxe2+ 0-1

[Event "XXXII Festival Conca della Presolana Magistrale"]
[Site "Bratto - Castione della Presolana ITA"]
[Date "2012.08.23"]
[Round "6"]
[White "Roy Chowdhury, Saptarshi"]
[Black "Drazic, Sinisa"]
[WhiteElo "2391"]
[BlackElo "2516"]
[Result "1/2-1/2"]
[PlyCount "117"]
[EventDate "2012.08.18"]

1. e4 e6 2. Qe2 Nc6 3. Nf3 e5 4. c3 d6 5. d4 Bd7 6. dxe5 Nxe5 7. Bf4 Qf6 8. Be3
Ne7 9. Nxe5 dxe5 10. Qc2 Qg6 11. Nd2 Nd5 12. Qd3 Nxe3 13. Qxe3 Bc6 14. O-O-O
Be7 15. h4 b6 16. Bc4 O-O-O 17. Qe2 Kb8 18. f3 h5 19. Bb3 Bb7 20. Kb1 Bc5 21.
Nc4 Qf6 22. Ne3 Rxd1+ 23. Rxd1 g6 24. g3 c6 25. Ng2 Bc8 26. Bc2 b5 27. Ne1 Bb6
28. Nd3 a5 29. a4 bxa4 30. Bxa4 Rd8 31. Nc1 Rxd1 32. Qxd1 Kc7 33. Bb3 Ba6 34.
c4 Bc5 35. Nd3 Qd6 36. f4 exf4 37. gxf4 Be3 38. f5 Qd4 39. fxg6 fxg6 40. Qe2
Qxe4 41. Qh2+ Kc8 42. Bc2 Qe6 43. b3 Bd4 44. Qd2 a4 45. Qa5 Bb7 46. Qxa4 c5 47.
b4 g5 48. hxg5 h4 49. Nxc5 Bxc5 50. bxc5 h3 51. c6 Bxc6 52. Qa6+ Kc7 53. Qa7+
Bb7 54. Qc5+ Qc6 55. Qe5+ Qd6 56. Qg7+ Kb6 57. c5+ Qxc5 58. Qh6+ Ka7 59. Qxh3
1/2-1/2

[Event "XXXII Festival Conca della Presolana Magistrale"]
[Site "Bratto - Castione della Presolana ITA"]
[Date "2012.08.23"]
[Round "6"]
[White "Satyapragyan, Swayangsu"]
[Black "Montani, Francesco"]
[WhiteElo "2435"]
[BlackElo "2214"]
[Result "1-0"]
[PlyCount "55"]
[EventDate "2012.08.18"]

1. e4 e5 2. Nf3 Nc6 3. Bb5 Bc5 4. O-O d6 5. c3 Bd7 6. d4 Bb6 7. Re1 Nf6 8. Na3
a6 9. Bxc6 Bxc6 10. Nc4 h6 11. dxe5 Nxe4 12. Nxb6 cxb6 13. exd6 O-O 14. Bf4 Qf6
15. Be5 Qg6 16. Qc2 Qf5 17. Bxg7 Kxg7 18. Nd4 Qxf2+ 19. Qxf2 Nxf2 20. Kxf2 Kf6
21. Nxc6 bxc6 22. d7 Rfd8 23. Rad1 Ra7 24. Rd6+ Kg7 25. Red1 Rc7 26. Kf3 a5 27.
c4 Kf8 28. Kg4 1-0

[Event "XXXII Festival Conca della Presolana Magistrale"]
[Site "Bratto - Castione della Presolana ITA"]
[Date "2012.08.23"]
[Round "6"]
[White "Vezzosi, Paolo"]
[Black "Formento, Paolo"]
[WhiteElo "2309"]
[BlackElo "2147"]
[Result "1-0"]
[PlyCount "73"]
[EventDate "2012.08.18"]

1. d4 Nf6 2. c4 g6 3. g3 Bg7 4. Bg2 d5 5. cxd5 Nxd5 6. Nf3 O-O 7. O-O Nb6 8.
Nc3 Na6 9. Bf4 c5 10. dxc5 Qxd1 11. Rfxd1 Nc4 12. Na4 Nxb2 13. Nxb2 Bxb2 14.
Rab1 Bg7 15. c6 bxc6 16. Nd4 Bxd4 17. Rxd4 Bf5 18. Rc1 Rac8 19. Ra4 Nb8 20.
Rxa7 c5 21. Bb7 Rcd8 22. Rxc5 Rd1+ 23. Kg2 Rd7 24. Rc7 Rxc7 25. Bxc7 Nd7 26. a4
Nc5 27. Bf3 Rc8 28. a5 Kf8 29. Bb6 Be6 30. g4 g5 31. Kg3 h6 32. a6 Nxa6 33.
Rxa6 Bc4 34. Ra7 e6 35. Bd4 Rd8 36. Bf6 Rc8 37. h4 1-0

[Event "XXXII Festival Conca della Presolana Magistrale"]
[Site "Bratto - Castione della Presolana ITA"]
[Date "2012.08.23"]
[Round "6"]
[White "Viaggi, Stefano"]
[Black "Lavorgna, Giovanni"]
[WhiteElo "2045"]
[BlackElo "2091"]
[Result "1/2-1/2"]
[PlyCount "100"]
[EventDate "2012.08.18"]

1. d4 Nf6 2. Nf3 g6 3. g3 Bg7 4. Bg2 O-O 5. O-O d5 6. c4 c6 7. Na3 dxc4 8. Nxc4
Be6 9. Nfe5 Bd5 10. f3 Nbd7 11. e4 Be6 12. Be3 Nb6 13. Qe2 Qc8 14. Rac1 Bh3 15.
Rfd1 Bxg2 16. Kxg2 Qe6 17. b3 Rfd8 18. Na5 Rab8 19. Nd3 Nxe4 20. fxe4 Qxe4+ 21.
Qf3 Qxf3+ 22. Kxf3 Bxd4 23. Bxd4 Rxd4 24. Nc5 Rbd8 25. Rxd4 Rxd4 26. Rc2 e5 27.
Re2 Rd5 28. Naxb7 f5 29. Rc2 Rd4 30. Ke2 Nd5 31. Na5 Ne7 32. Nc4 e4 33. a4 g5
34. Rd2 Rxd2+ 35. Kxd2 Kf7 36. a5 Kf6 37. a6 h5 38. Ke3 h4 39. Nd7+ Ke6 40.
Nc5+ Kf7 41. Kd4 h3 42. b4 Kf6 43. Na5 Kg6 44. Nxe4 fxe4 45. Kxe4 Kf6 46. Kd4
Ke6 47. g4 Kd6 48. Nc4+ Kc7 49. Ne5 Kb6 50. Nf3 Kb5 1/2-1/2

[Event "XXXII Festival Conca della Presolana Magistrale"]
[Site "Bratto - Castione della Presolana ITA"]
[Date "2012.08.24"]
[Round "7"]
[White "Anuprita, Patil"]
[Black "Bemporad, Filippo"]
[WhiteElo "2123"]
[BlackElo "2079"]
[Result "1-0"]
[PlyCount "75"]
[EventDate "2012.08.18"]

1. Nf3 Nf6 2. d4 e6 3. g3 b6 4. Bg2 Bb7 5. O-O Be7 6. c4 O-O 7. Nc3 d5 8. Ne5
Qc8 9. cxd5 Nxd5 10. e4 Nxc3 11. bxc3 Nd7 12. f4 Nf6 13. Re1 c5 14. d5 Rd8 15.
c4 Qc7 16. Bb2 b5 17. Ng4 Kh8 18. Nxf6 Bxf6 19. e5 Be7 20. d6 Qc8 21. Qc2 Bf8
22. cxb5 Rb8 23. a4 a6 24. bxa6 Bxg2 25. Kxg2 Qxa6 26. Ba3 c4 27. Re4 Rdc8 28.
Kh3 Ra8 29. Bb4 Rab8 30. Be1 f6 31. Rc1 fxe5 32. fxe5 Ra8 33. Rxc4 Rd8 34. Bf2
Qb7 35. Rh4 h6 36. Qe4 Qb2 37. Rc7 Qd2 38. Be3 1-0

[Event "XXXII Festival Conca della Presolana Magistrale"]
[Site "Bratto - Castione della Presolana ITA"]
[Date "2012.08.24"]
[Round "7"]
[White "Bonade', Massimo"]
[Black "Qendro, Llambi"]
[WhiteElo "2081"]
[BlackElo "2328"]
[Result "0-1"]
[PlyCount "106"]
[EventDate "2012.08.18"]

1. d4 g6 2. c4 Bg7 3. Nc3 d6 4. e4 Nf6 5. Nf3 O-O 6. Be2 e5 7. Be3 exd4 8. Nxd4
Re8 9. f3 Nc6 10. Qd2 Bd7 11. O-O Nh5 12. Nxc6 Bxc6 13. g4 Nf6 14. Bg5 Rc8 15.
Rad1 Qd7 16. Bf4 Re7 17. c5 dxc5 18. Qe3 Qe8 19. Qxc5 Nd7 20. Qe3 Nb6 21. b4
Na4 22. Nxa4 Bxa4 23. Rd2 Rd7 24. Bd1 Bb5 25. Be2 Bxe2 26. Qxe2 Rcd8 27. Rfd1
Bc3 28. Rxd7 Rxd7 29. a3 Qd8 30. Rxd7 Qxd7 31. Kg2 c6 32. h4 h5 33. gxh5 gxh5
34. Qf2 Qd4 35. Be3 Qg7+ 36. Kf1 a6 37. Qh2 Qe5 38. Qg2+ Kh7 39. Qh3 Qe6 40.
Qg3 Qc4+ 41. Kg1 Qe6 42. Qf4 Be5 43. Qg5 Qg6 44. f4 Bf6 45. f5 Qg7 46. Qxg7+
Kxg7 47. Bg5 Bxg5 48. hxg5 b6 49. e5 c5 50. bxc5 bxc5 51. Kf2 c4 52. e6 fxe6
53. fxe6 c3 0-1

[Event "XXXII Festival Conca della Presolana Magistrale"]
[Site "Bratto - Castione della Presolana ITA"]
[Date "2012.08.24"]
[Round "7"]
[White "Cacciola, Alfredo"]
[Black "Ricci, Marco"]
[WhiteElo "2114"]
[BlackElo "2089"]
[Result "0-1"]
[PlyCount "84"]
[EventDate "2012.08.18"]

1. e4 e6 2. d4 d5 3. Nd2 Nf6 4. e5 Nfd7 5. Bd3 c5 6. c3 Nc6 7. Ne2 cxd4 8. cxd4
f6 9. exf6 Nxf6 10. Nf3 Bd6 11. O-O Qc7 12. Bg5 O-O 13. Bh4 Nh5 14. Qc2 h6 15.
Bg6 Nf4 16. Nxf4 Bxf4 17. Bg3 Qb6 18. Rad1 Bd7 19. Rfe1 Rac8 20. Bxf4 Rxf4 21.
Qd2 Rcf8 22. Re3 R8f6 23. Bc2 Be8 24. Rxe6 Bh5 25. Rxf6 Rxf6 26. Bb3 Qd8 27.
Qe3 Na5 28. Rc1 Bxf3 29. gxf3 Nxb3 30. axb3 Rxf3 31. Rc8 Qxc8 32. Qxf3 Qc1+ 33.
Kg2 Qg5+ 34. Qg3 Qxg3+ 35. Kxg3 Kf7 36. Kg4 Kf6 37. h4 a5 38. h5 g6 39. Kh4 Kf5
40. hxg6 Kxg6 41. Kg4 h5+ 42. Kf4 Kf6 0-1